Vocales en contacto (Record no. 169309)

MARC details
000 -LEADER
campo de control de longitud fija 00678nam a22001815i 4500
001 - NÚMERO DE CONTROL
campo de control 169309
003 - IDENTIFICADOR DE NÚMERO DE CONTROL
campo de control ES-MaACL
005 - FECHA Y HORA DE LA ÚLTIMA TRANSACCIÓN
campo de control 20230906214046.0
008 - DATOS DE LONGITUD FIJA--INFORMACIÓN GENERAL
campo de control de longitud fija 080829s1999 sp |||| | spa d
080 ## - NÚMERO DE LA CLASIFICACIÓN DECIMAL UNIVERSAL
Número de la Clasificación Decimal Universal 811.134.2'342
100 1# - ENTRADA PRINCIPAL--NOMBRE DE PERSONA
Nombre de persona Esgueva Martínez, Manuel A.
9 (RLIN) 47722
245 10 - MENCIÓN DEL TÍTULO
Título Vocales en contacto
Resto del título : la elisión /
Mención de responsabilidad, etc. Manuel Agustín Esgueva Martínez.
260 ## - PUBLICACIÓN, DISTRIBUCIÓN, ETC.
Lugar de publicación, distribución, etc. [Madrid] :
Nombre del editor, distribuidor, etc. Arco/Libros,
Fecha de publicación, distribución, etc. [1999]
300 ## - DESCRIPCIÓN FÍSICA
Extensión P. [287]-299 ;
Dimensiones 24 cm.
595 ## -
-- Separata de: Lengua y discurso: estudios dedicados al profesor Vidal Lamíquez.
650 #4 - PUNTO DE ACCESO ADICIONAL DE MATERIA--TÉRMINO DE MATERIA
Término de materia o nombre geográfico como elemento de entrada Lengua española-
Subdivisión general Fonética.
9 (RLIN) 14160
852 ## - LOCALIZACIÓN
Ubicación ES-MaACL
Número de control de estantería 2233-F-15
itemnumber R.137805
Nota libre . - Dedicatoria autógrafa del autor
Holdings
Estatus retirado Estado de pérdida Estado de daño No para préstamo Colección Biblioteca de origen Biblioteca actual Ubicación en estantería Fecha de adquisición Fuente de adquisición Total de préstamos Signatura topográfica completa Código de barras Visto por última vez Precio de reemplazo Tipo de ítem Koha
        Colección de folletos Biblioteca del Ateneo de Madrid Biblioteca del Ateneo de Madrid Depósito folletos 29/08/2008     2233-F-15 1177752 23/02/2023 23/02/2023 Folleto